Library and Information Association of Zambia Journal (Record no. 1797)

MARC details
000 -LEADER
fixed length control field 00736nam a22002177a 4500
005 - DATE AND TIME OF LATEST TRANSACTION
control field 20250415075413.0
008 - FIXED-LENGTH DATA ELEMENTS--GENERAL INFORMATION
fixed length control field 250415b |||||||| |||| 00| 0 eng d
022 ## - INTERNATIONAL STANDARD SERIAL NUMBER
International Standard Serial Number 2414-2700
040 ## - CATALOGING SOURCE
Original cataloging agency KMU
Transcribing agency KMU
Modifying agency KMU
110 ## - MAIN ENTRY--CORPORATE NAME
Corporate name or jurisdiction name as entry element Library and Information Association of Zambia
245 ## - TITLE STATEMENT
Title Library and Information Association of Zambia Journal
Remainder of title /
Statement of responsibility, etc. Library and Information Association of Zambia
260 ## - PUBLICATION, DISTRIBUTION, ETC.
Place of publication, distribution, etc. Lusaka:
Name of publisher, distributor, etc. Library and Information Association of Zambia,
Date of publication, distribution, etc. 2018.
300 ## - PHYSICAL DESCRIPTION
Extent 122 P.:
Other physical details ill.;
Dimensions 27cm
490 ## - SERIES STATEMENT
Volume/sequential designation Vol.3 Number 1 & 2
International Standard Serial Number 24142700
500 ## - GENERAL NOTE
General note Include references
610 ## - SUBJECT ADDED ENTRY--CORPORATE NAME
Corporate name or jurisdiction name as entry element Information
610 ## - SUBJECT ADDED ENTRY--CORPORATE NAME
Corporate name or jurisdiction name as entry element Linking people
610 ## - SUBJECT ADDED ENTRY--CORPORATE NAME
Corporate name or jurisdiction name as entry element Library and Information Association of Zambia
610 ## - SUBJECT ADDED ENTRY--CORPORATE NAME
Corporate name or jurisdiction name as entry element Library
942 ## - ADDED ENTRY ELEMENTS (KOHA)
Koha item type Journal
Suppress in OPAC No
Holdings
Withdrawn status Lost status Damaged status Use restrictions Not for loan Collection Home library Current library Shelving location Date acquired Source of acquisition Total Checkouts Full call number Barcode Date last seen Price effective from Koha item type
      Restricted Access Not For Loan Non-fiction Kapasa Makasa University Kapasa Makasa University On Display 15.04.2025 Donation   LIAZ(05)LAIAZJ/3/1/2/2018 301112 15.04.2025 15.04.2025 Journal